00480nam a2200193 a 4500001001300000003000900013005001700022008004100039020001000080082001400090100001600104245002800120260004700148300000800195500003500203505001600238650001600254700001600270nice12345678IN_TiNIC20260116011319.0050524s1909 mada grp 000 0 eng  ac10000a239bSEL3 aSell, Canon aRecensions of the Quran aMadrasbChristian Literature Societyc1909 a24p aincludes index and biblioraphy2 aArabic-Urdu aApologetics1 aSell, Canon